| 000 | 00707nam a22002057a 4500 | ||
|---|---|---|---|
| 005 | 20081020162825.0 | ||
| 008 | 081020t xxu||||| |||| 00| 0 eng d | ||
| 010 | _aENG-84172 | ||
| 020 | _a8176781622 | ||
| 020 | _c300.00 (hb) | ||
| 035 | _aEN-67705 | ||
| 082 | _a954.022 | ||
| 100 | _aKalindi Kumari | ||
| 245 |
_aStatus of Hindus in Mughal India / _cby Kalindi Kumari |
||
| 260 |
_aLucknow _bBhart Book Centre _e17, Ashok Marg, Lucknow-226001 |
||
| 260 | _c2006 | ||
| 300 |
_a160p _c22cm |
||
| 942 |
_2ddc _cEN _h954.022 _mKAL |
||
| 999 |
_c17134 _d17134 |
||